| 000 | 00000nam##2200000za#4500 |
| 001 | 9.694987 |
| 003 | CaOODSP |
| 005 | 20241203113637 |
| 007 | cr ||||||||||| |
| 008 | 150407|2000||||xxc|||||o f|0| 0 eng|d |
| 040 | |aCaOODSP|beng |
| 043 | |an-cn--- |
| 086 | 1 |aEn4-151/2000E-PDF |
| 110 | 1 |aCanada. |bEnvironment Canada. |
| 245 | 10|aPlanning for change : |h[electronic resource]|bstrategic planning and program planning for nonprofit groups / |c[in collaboration with] the National Crime Prevention Centre and Health Canada. |
| 260 | |bEnvironment Canada |c2000. |
| 300 | |a37p.|bcoloured figs., tables |
| 504 | |aBibliography. |
| 590 | |a12-29-Supp|b2012-06-25 |
| 690 | 07|aManagement|2gcpds |
| 690 | 07|aNon profit organizations|2gcpds |
| 775 | 08|tPlanifier le changement : |w(CaOODSP)9.639148 |
| 856 | 40|ahttp://publications.gc.ca|qPDF|s196 KB|uhttps://publications.gc.ca/collections/Collection/EN1-35-3-2001E.pdf |